Growth. (Record no. 348517)

000 -LEADER
fixed length control field 00316 a2200133 4500
082 ## - DEWEY DECIMAL CLASSIFICATION NUMBER
Classification number 626.6
090 ## - LOCALLY ASSIGNED LC-TYPE CALL NUMBER (OCLC); LOCAL CALL NUMBER (RLIN)
-- 6140
-- 6140
100 ## - MAIN ENTRY--PERSONAL NAME
Personal name Tanner,James M.
245 ## - TITLE STATEMENT
Title Growth.
Statement of responsibility, etc. James M.Tanner.
260 ## - PUBLICATION, DISTRIBUTION, ETC.
Place of publication, distribution, etc. Hong Kong.
Name of publisher, distributor, etc. Time-Life Books.
Date of publication, distribution, etc. 1991.
300 ## - PHYSICAL DESCRIPTION
Extent 198p.
500 ## - GENERAL NOTE
General note Hard cover.
942 ## - ADDED ENTRY ELEMENTS (KOHA)
Institution code [OBSOLETE] NBS
Koha item type Book
Call number prefix 626.6 TAN
Holdings
Withdrawn status Lost status Damaged status Not for loan Permanent Location Current Location Date acquired Total Checkouts Full call number Barcode Date last seen Price effective from Koha item type
        Central Library (CL) Central Library (CL) 08/28/2013   626.6 TAN NBSD-1433 08/28/2013 08/28/2013 Book
© 2023 Central Library, National University of Sciences and Technology. All Rights Reserved.